00750 a2200205 4500010001400000020002300014035001300037037001800050082001100068090001500079100002100094245004000115260004900155270008500204300003000289500004900319942002600368999001500394952013500409 aENG-85891 a8131300323c595.00 aEN-69424 bD.B.Act / Pub14a781.17 c3623d362314aSharma, Manorama1 aMusic aestheticscby Manorma Sharma aNew DelhibAPH Publishing Corporatioonc2007 a5, Ansari Road, Darya GanjbNew Delhie110 002k011- 23274050maphbooks@vsnl.net aiv, 242 p.b22 cm ( Hb.) aincludes bibliographical refrences and index adplcENk781.17 / SHA c3552d3552 00102ddc40718NFICaDBADbDBADeDBAD/PUBg595.00l0o781.17 SHApEN-69424r2008-09-15 00:00:00t1u3783v595.00w2008-09-15yEN